1936 1768 1858 1561 1820 1790 1299 1975 1994 1126 1187 1848 1094 1881 1351 1198 1387 1702 1209 1820 1458 1299 1925 1584 1655 1136 1290 1655 1005 1807 1262 1643 1971 1894 1607 1209 1323 1822 1783 1164 1115 1278 1284 1791 1468 1645 1601 1379 1632 1751 1986 1302 1469 1556 1530 1688 1020 1051 1899 1594 1439 1096 1527 1611 1747 1396 1322 1041 1824 1041 1317 2000 1696 1643 1893 1961 1477 1372 1532 1162 1345 1011 1258 1458 1650 1434 1229 1306 1484 1519 1186 1710 1537 1667 1064 1348 1387 1076 1412 BCNSPRNW ULIB Ver.6.0+V

เปลี่ยนเป็นภาษาไทย

Change to English
 แสดงรายละเอียดบรรณานุกรม
  กลับหน้าหลัก

Brief Record : Get Marc (ISO 2709) : E-mail record : QR code < ปิดหน้าต่าง
LEADER : 00000nam 2200000uu 4500
001    13399112408
003     ULIB
008    110627s||||||||th 000 0 tha d
020    9786167123608
090    นว.^bล445ห มปป.
100 0  ลินิน
245 00 หัวใจแค้นลิขิตรัก/^cลินิน
250    พิมพ์ครั้งที่ 1
260    กรุงเทพฯ :^bกรีนมายด์,^cมปป.
300    249 หน้า
710 1  กรีนมายด์
945    ^p199^l0^i028065
995    ทศพร
999 ^a ใช้งานได้ทุกระบบ
รายการนี้ยังไม่มีแท็ก
คุณยังไม่ได้ล็อกอิน คุณสามารถมีกิจกรรมร่วมกับเว็บไซต์ได้ แต่ต้องล็อกอินก่อน ::
  ล็อกอิน

รายการสื่อสารสนเทศ

ลำดับที่ ประเภท เลขเรียก/บาร์โค้ด สถานที่ สถานะ
- ไม่พบข้อมูล -

BibComment


ยังไม่เคยถูกคอมเมนท์

คอมเมนท์ทรัพยากรรายการนี้
  คอมเมนท์: หัวใจแค้นลิขิตรัก..


 Copyright 2026. Bcnsprnw @Library